Experience with large fiscal adjustments

Salvato in:
Dettagli Bibliografici
Natura: Libro
Lingua:inglese
Pubblicazione: Washington, D.C. International Monetary Fund 2006
Serie:Occasional paper 246
Soggetti:
Tags: Aggiungi Tag
Nessun Tag, puoi essere il primo ad aggiungerne!!

MARC

LEADER 00000nam$a2200000$$$4500
001 0048659
005 20240315115250.3
020 |a 1-58906-458-5 
041 0 |a eng 
044 |a US 
245 1 0 |a Experience with large fiscal adjustments 
264 1 |a Washington, D.C.  |b International Monetary Fund  |c 2006 
300 |a v, 46 s. 
490 1 |a Occasional paper  |v 246 
830 0 |a Occasional paper  |v 246 
610 2 0 |a politika fiškálna 
610 2 0 |a politika finančná 
610 2 0 |a politika rozpočtová 
610 2 0 |a porovnanie medzinárodné 
610 2 0 |a štúdie prípadové 
610 2 0 |a krajiny rozvojové